000 00497nam a22001817a 4500
003 MPLRDC
005 20220104174039.0
008 210129b ||||| |||| 00| 0 eng d
020 _a978-983-9820-40-9
082 _a868.71 PJW-3
100 _a潘俭伟 TONY PUA KIAM WEE
245 _aTHE TIGER THAT LOST ITS ROAR
_c
250 _a1ST ED.
260 _aMALAYSIA
_b民主行动党 DEMOCRATIC ACTUIN PARTY
_c2011
300 _b335
650 _aMALAYSIA LITERATURE
942 _cBK
_o868.71 PJW-3
999 _c59689
_d59679